Provenance, transport and deposition of Rhine sediments. : A heavy mineral study on river sands from the drainage area of the Rhine.

Bibliographic Details
Main Author: Van Andel, Tjeerd H. (Tjeerd Hendrik), 1923-
Format: Thesis Book
Language:English
Published: Wageningen : H. Veenman & Zonen, [1950]
Subjects:

MARC

Tag First Indicator Second Indicator Subfields
LEADER 00000cam a2200000 4500
001 in00000047169
005 20151007065448.0
008 780125s1950 ne a b 00000 eng d
010 |a  53023819  
035 |a (OCoLC)03579282 
035 |9 AAE2039AM 
040 |a DLC  |c HDC  |d TXA  |d UtOrBLW 
049 |a TXAM   |c 2 [195044] 
050 0 0 |a QE581  |b .A48 
082 0 |a 552.51 
092 |a 552.52  |b A543p 
100 1 |a Van Andel, Tjeerd H.  |q (Tjeerd Hendrik),  |d 1923- 
245 1 0 |a Provenance, transport and deposition of Rhine sediments. :  |b A heavy mineral study on river sands from the drainage area of the Rhine. 
264 1 |a Wageningen :  |b H. Veenman & Zonen,  |c [1950] 
300 |a x, 129 pages :  |b illustrations, maps (part folded, 1 color) ;  |c 25 cm. 
336 |a text  |b txt  |2 rdacontent 
337 |a unmediated  |b n  |2 rdamedia 
338 |a volume  |b nc  |2 rdacarrier 
500 |a "Legend for all mineral diagrams" (leaf) and "Stellingen" ([2] pages) inserted. 
502 |c Groningen. 
504 |a Bibliography: pages 125-129. 
650 0 |a Sedimentation and deposition. 
650 0 |a Silt. 
651 0 |a Rhine River Valley. 
999 |a MARS 
999 f f |s 653ac359-a2cc-3458-9ded-51bdd617568a  |i 69a7aaef-7c6d-325c-88e5-a41b1182ea3f  |t 0 
952 f f |p ric  |a Texas A&M University  |b Rellis Campus  |c Joint Library Facility  |d Remote Storage  |t 0  |e QE581 .A48  |h Library of Congress classification  |i unmediated -- volume  |m A14800957602 
998 f f |a QE581 .A48  |t 0  |l Remote Storage